Mecánica de los Fluidos
| Main Authors: | , |
|---|---|
| Format: | Section = Libro |
| Language: | Undetermined Spanish |
| Published: |
México
McGraw-Hill
1988
|
| Edition: | 8a.ed. |
| Subjects: |
| LEADER | 00601nam a2200229Ia 4500 | ||
|---|---|---|---|
| 008 | 241007s9999||||xx |||||||||||||| ||und|| | ||
| 020 | |a 968-451-841-2 | ||
| 040 | |a BIBLIOTECA-RURC/ 620.106 S915 | ||
| 041 | |a spa | ||
| 082 | |a 620.106 S915 | ||
| 100 | 1 | |a Streeter, Víctor L | |
| 100 | 1 | |b Wylie, E. Benjamín. | |
| 245 | 1 | 0 | |a Mecánica de los Fluidos |
| 250 | |a 8a.ed. | ||
| 260 | |a México |b McGraw-Hill |c 1988 | ||
| 300 | |a 594 p. :il. | ||
| 650 | 7 | |a PROPIEDADES DE LOS FLUIDOS | |
| 650 | 7 | |b ESTÁTICA DE FLUIDOS | |
| 650 | 7 | |c FLUJOS EXTERNOS. | |
| 942 | |c BK |2 ddc | ||
| 991 | |a TEXTO | ||
| 999 | |c 14440 | ||